|
|
|
|
| LEADER |
01298cam a2200313 a 4500 |
| 001 |
c000302353 |
| 003 |
CARM |
| 005 |
20090722142614.0 |
| 008 |
950911s1980 vrabf b 001 0beng d |
| 019 |
1 |
|
|a 1656260
|z 21872783
|z 26508077
|z 21444176
|z 22430280
|z 52217081
|z 52107401
|z 53808913
|z 57982302
|z 60885472
|5 LACONCORD2021
|
| 020 |
|
|
|a 0522841813
|c $28.60 Aust.
|
| 035 |
|
|
|a (OCoLC)6605245
|5 LACONCORD2021
|
| 040 |
|
|
|a ANB
|b eng
|c ANB
|d AUC:LSM
|
| 042 |
|
|
|a anuc
|
| 043 |
|
|
|a u-at---
|
| 082 |
0 |
4 |
|a 919.4/042
|2 20
|
| 100 |
1 |
|
|a Webster, E. M.
|q (Elsie May),
|d 1929-
|
| 245 |
1 |
0 |
|a Whirlwinds in the plain :
|b Ludwig Leichhardt -friends, foes and history /
|c E.M. Webster.
|
| 260 |
|
|
|a Carlton, Vic. :
|b Melbourne University Press,
|c 1980.
|
| 300 |
|
|
|a xi, 462 p., 12 p. of plates :
|b maps ;
|c 25 cm.
|
| 500 |
|
|
|a Index.
|
| 504 |
|
|
|a Includes bibliographical references.
|
| 600 |
1 |
0 |
|a Leichhardt, Ludwig,
|d 1813-1848.
|
| 650 |
|
0 |
|a Explorers
|z Australia
|v Biography.
|
| 650 |
|
0 |
|a Explorers
|z Australia
|x Biography.
|
| 610 |
1 |
0 |
|a Australia
|x Discovery and exploration.
|
| 852 |
8 |
|
|b CARM
|h A3:AE05B0
|i B11495
|p 0546015
|f BK
|
| 999 |
f |
f |
|i bde59492-486e-594d-8dee-b2088f76c032
|s 8acf88eb-d1a1-5d48-8268-3d669f1c5c57
|
| 952 |
f |
f |
|p Can circulate
|a CAVAL
|b CAVAL
|c CAVAL
|d CARM 1 Store
|e B11495
|f A3:AE05B0
|h Other scheme
|i book
|m 0546015
|